| 000 | 00719nam a2200229 a 4500 | ||
|---|---|---|---|
| 001 | BRCA_2667 | ||
| 005 | 20190320203921.0 | ||
| 008 | 021208s1957----enka---###---#000-0#eng-# | ||
| 050 | 4 |
_aNK4087 _b.R33 1957 |
|
| 100 | 1 |
_aRackham, Bernad _97572 |
|
| 245 | 1 | 0 |
_aEarly Staffordshire pottery _cBernard Rackham. |
| 260 |
_aLondon _bFaber and Faber _c1957 |
||
| 300 |
_axvi, 46 p. _bil., 96 láminas _c26 cm. |
||
| 440 | 0 |
_aThe Faber monographs an pottery and porcelain _97573 |
|
| 500 | _aIncluye índice analítico y de ilustraciones | ||
| 500 | _aA116 | ||
| 504 | _aBibliografía: p. 211-46 | ||
| 610 | 2 | 4 |
_aStaffordshire, Cerámica de _97574 |
| 650 | 1 | 4 |
_aCerámica _zInglaterra _97575 |
| 902 | _aGFM | ||
| 942 |
_2lcc _cB |
||
| 999 |
_c2407 _d2407 |
||